Slovenské hospodárstvo potrebuje priamo zainteresovaných vlastníkov Majetok akcionára zamestnaneckej akciovej spoločnosti bude zárukou jeho slobody

Zamestnanec bytostne spojený s úspechom podniku. Štatút (obsah) zamestnaneckej účastinnej spoločnosti. Predkupné právo. Pracovnoprávne postavenie zamestnanca - vlastníka akcií.

Guardado en:
Detalles Bibliográficos
Autor principal: Prno, Ignác
Formato: Capítulo de libro
Lenguaje:eslovaco
Materias:
Etiquetas: Agregar Etiqueta
Sin Etiquetas, Sea el primero en etiquetar este registro!

MARC

LEADER 00000naa a2200000 4500
001 r014383
005 20221213123525.7
041 0 |a slo 
044 |a SK 
245 1 0 |a Slovenské hospodárstvo potrebuje priamo zainteresovaných vlastníkov  |b Majetok akcionára zamestnaneckej akciovej spoločnosti bude zárukou jeho slobody  |c I. Prno 
520 |a Zamestnanec bytostne spojený s úspechom podniku. Štatút (obsah) zamestnaneckej účastinnej spoločnosti. Predkupné právo. Pracovnoprávne postavenie zamestnanca - vlastníka akcií. 
610 2 0 |a spoločnosti akciové 
610 2 0 |a zamestnanci 
610 2 0 |a akcie 
610 2 0 |a Slovensko 
100 1 |a Prno, Ignác